| 000 | 01145cam a22003255a 4500 | ||
|---|---|---|---|
| 001 | 016084405 | ||
| 003 | OSt | ||
| 005 | 20161010154046.0 | ||
| 008 | 130105t2013 njua frbd 001 0 eng d | ||
| 020 | _a9780205870943 (pbk.) | ||
| 020 | _a0205870945 (pbk.) | ||
| 040 |
_aIiNdDKA _beng _cIiNdDKA _dEG-ScBUE |
||
| 043 | _ad------ | ||
| 082 | 0 | 4 |
_a338.90091724 _222 _bHAN |
| 100 | 1 |
_aHandelman, Howard, _d1943- _93690 |
|
| 245 | 1 | 4 |
_aThe challenge of Third World development / _cHoward Handelman. |
| 250 | _a7th ed., International ed. | ||
| 260 |
_aUpper Saddle River : _bPearson Education, _cc.2013. |
||
| 300 |
_axx, 342 p. : _bill. ; _c23 cm. |
||
| 500 | _aGlossary : p. 319-327. | ||
| 500 | _aIndex : p. 328-342. | ||
| 504 | _aIncludes bibliographical references. | ||
| 650 | 7 |
_aDevelopment economics. _2BUEsh _94896 |
|
| 651 | 7 |
_aDeveloping countries _xEconomic conditions. _2BUEsh _93692 |
|
| 651 | 7 |
_aDeveloping countries _xEconomic policy. _2BUEsh _93693 |
|
| 651 | 7 |
_aDeveloping countries _xPolitics and government. _2BUEsh _922205 |
|
| 653 |
_bBUSECO _cOctober2016 |
||
| 690 | 7 |
_aManagement and Business Studies _2blcoll |
|
| 942 | _2ddc | ||
| 999 |
_c22501 _d22473 |
||